[Event "NZL-ch 121st"]
[Site "Auckland"]
[Date "2014.01.08"]
[Round "5"]
[White "Nicholls, Leighton"]
[Black "Jia, Hao"]
[Result "0-1"]
[WhiteElo "1799"]
[BlackElo "1933"]
[PlyCount "70"]
[EventDate "2014.01.04"]
[EventType "swiss"]
[EventRounds "9"]
[EventCountry "NZL"]
[SourceTitle "CBM 158 Extra"]
[Source "ChessBase"]
[SourceDate "2014.02.28"]
[SourceVersion "1"]
[SourceVersionDate "2014.02.28"]
[SourceQuality "1"]

1. e4 c5 2. c3 d5 3. exd5 Qxd5 4. d4 Nf6 5. Nf3 Bg4 6. Be2 Nc6 7. Be3 cxd4 8. cxd4 e6 9. 0-0 Be7 10. Nc3 Qa5 11. Qc2 0-0 12. Rfd1 Rfd8 13. a3 Rac8 14. b4 Qc7 15. Rac1 a5 16. b5 Bxa3 17. bxc6 Bxc1 18. Rxc1 bxc6 19. Qa4 Nd7 20. h3 Bf5 21. Nd1 Qb6 22. d5 c5 23. g4 Bg6 24. dxe6 fxe6 25. Ra1 Ra8 26. Nd2 Qb4 27. Nc4 Qxa4 28. Rxa4 Bc2 29. Rxa5 Rxa5 30. Nxa5 Ra8 31. Nc4 Bxd1 32. Bxd1 Ra1 33. Nb2 Rb1 34. Kg2 Rxb2 35. Ba4 Nb6 0-1

[Event "NZL-ch U08/16"]
[Site "Waitakere"]
[Date "2012.07.05"]
[Round "5"]
[White "Jia, Hao"]
[Black "Zhang, Leo Li Ao"]
[Result "0-1"]
[WhiteElo "1762"]
[BlackElo "1771"]
[PlyCount "116"]
[EventDate "2012.07.06"]
[EventType "swiss"]
[EventRounds "7"]
[EventCountry "NZL"]
[SourceTitle "EXT 2018"]
[Source "ChessBase"]
[SourceDate "2017.10.13"]
[SourceVersion "1"]
[SourceVersionDate "2017.10.13"]
[SourceQuality "1"]

1. e4 c5 2. Nf3 d6 3. d4 cxd4 4. Nxd4 Nf6 5. Nc3 a6 6. Bd3 e6 7. 0-0 Be7 8. Be3 0-0 9. Rb1 Bd7 10. f3 Nc6 11. Nxc6 Bxc6 12. Ne2 Qc7 13. c4 Rfd8 14. b4 b6 15. Qd2 Rac8 16. Rfc1 Qb7 17. b5 axb5 18. cxb5 Bd7 19. Nd4 Rxc1+ 20. Rxc1 Rc8 21. Rc3 Kf8 22. Qc1 Bd8 23. Nc6 Ne8 24. e5 Kg8 25. exd6 Nxd6 26. Nxd8 Rxd8 27. Rc7 Qd5 28. Bxb6 Rc8 29. Rxc8+ Nxc8 30. Be4 Qxb5 31. Bc5 f5 32. Bb1 Kf7 33. a3 Nb6 34. Bb4 Nd5 35. Qd2 Bc6 36. Bd3 Qb6+ 37. Kf1 Qd4 38. g3 Nxb4 39. axb4 Bb5 40. Ke2 Bxd3+ 41. Qxd3 Qxb4 42. f4 Kg6 43. Qd7 Kf6 44. Qd8+ Qe7 45. Qd4+ e5 46. Qb6+ Qe6 47. Qd8+ Kg6 48. Qg5+ Kf7 49. Qh5+ Kg8 50. fxe5 Qxe5+ 51. Kd2 g6 52. Qg5 Kg7 53. Qf4 Qxf4+ 54. gxf4 Kh6 55. Ke3 Kh5 56. Kd4 Kg4 57. Ke5 Kf3 58. h4 Kg4 0-1

[Event "NZL-ch U08/14"]
[Site "Howick"]
[Date "2011.12.28"]
[Round "5"]
[White "Jia, Hao"]
[Black "Zhang, Leo Li Ao"]
[Result "1/2-1/2"]
[WhiteElo "1781"]
[BlackElo "1554"]
[PlyCount "72"]
[EventDate "2011.07.29"]
[EventType "swiss"]
[EventRounds "7"]
[EventCountry "NZL"]
[SourceTitle "EXT 2018"]
[Source "ChessBase"]
[SourceDate "2017.10.13"]
[SourceVersion "1"]
[SourceVersionDate "2017.10.13"]
[SourceQuality "1"]

1. e4 c5 2. Nf3 e6 3. d4 cxd4 4. Nxd4 a6 5. Nc3 Qc7 6. Be3 Nf6 7. a3 b5 8. Bd3 Bb7 9. 0-0 Be7 10. Re1 0-0 11. f3 d6 12. Qe2 Nbd7 13. Qf2 Rfd8 14. Rac1 Rac8 15. Red1 Bf8 16. Nb3 Nc5 17. Bf1 Ncd7 18. Bd3 d5 19. exd5 exd5 20. Bd4 Bd6 21. g3 Re8 22. Bxb5 axb5 23. Nxb5 Qc6 24. Na7 Qa6 25. Nxc8 Bxc8 26. Re1 Rd8 27. Nc5 Qc6 28. Nxd7 Nxd7 29. Kg2 Nf8 30. b4 Qd7 31. Bb6 Qh3+ 32. Kg1 Rd7 33. Re8 Bb7 34. Bc5 h5 35. Bxd6 Rxd6 36. Qd4 Rg6 1/2-1/2

[Event "NZL-ch U08/14"]
[Site "Howick"]
[Date "2011.07.29"]
[Round "7"]
[White "Jia, Hao"]
[Black "Li, Zuhao Luke"]
[Result "0-1"]
[WhiteElo "1781"]
[BlackElo "2223"]
[PlyCount "106"]
[EventDate "2011.07.29"]
[EventType "swiss"]
[EventRounds "7"]
[EventCountry "NZL"]
[SourceTitle "EXT 2018"]
[Source "ChessBase"]
[SourceDate "2017.10.13"]
[SourceVersion "1"]
[SourceVersionDate "2017.10.13"]
[SourceQuality "1"]

1. e4 e6 2. d4 d5 3. exd5 exd5 4. c4 Nf6 5. Nc3 Bb4 6. Nf3 0-0 7. Bd3 Re8+ 8. Be3 Ne4 9. Qc2 Bf5 10. 0-0 Bxc3 11. bxc3 dxc4 12. Bxc4 Ng3 13. Qb3 Nxf1 14. Bxf7+ Kh8 15. Bg5 Nd2 16. Bxd8 Nxb3 17. Bxe8 Nxa1 18. Ba4 Na6 19. Bg5 c6 20. Ne1 Re8 21. Kf1 b5 22. Bb3 Nxb3 23. axb3 Be6 24. f3 Bxb3 25. Kf2 b4 26. cxb4 Nxb4 27. Bf4 Rxe1 28. Kxe1 Nd3+ 29. Kd2 Nxf4 30. g3 Nd5 31. f4 a5 32. Kc1 a4 33. Kb2 Ne3 34. h3 Nf5 35. Kc3 Nxg3 36. h4 Ne2+ 37. Kb2 Nxf4 38. Ka3 Ne6 39. d5 cxd5 40. Kb2 d4 41. Kc1 d3 42. Kd2 Bc2 43. Kc3 a3 44. Kd2 a2 45. Kc3 a1Q+ 46. Kb4 Qd4+ 47. Kb5 Ba4+ 48. Ka5 d2 49. h5 Qc5+ 50. Ka6 Bb5+ 51. Kb7 Qc6+ 52. Kb8 Qc7+ 53. Ka8 Bc6# 0-1

[Event "NZL-ch Major op"]
[Site "Auckland"]
[Date "2011.01.10"]
[Round "9"]
[White "Jia, Hao"]
[Black "Garland, Mana"]
[Result "1/2-1/2"]
[WhiteElo "1459"]
[BlackElo "1511"]
[PlyCount "64"]
[EventDate "2011.01.02"]
[EventType "swiss"]
[EventRounds "11"]
[EventCountry "NZL"]
[SourceTitle "EXT 2018"]
[Source "ChessBase"]
[SourceDate "2017.10.13"]
[SourceVersion "1"]
[SourceVersionDate "2017.10.13"]
[SourceQuality "1"]

1. e4 e5 2. Nf3 Nc6 3. Bb5 Bc5 4. 0-0 Nge7 5. c3 a6 6. Ba4 0-0 7. d4 exd4 8. cxd4 Ba7 9. Nc3 d5 10. exd5 Nxd5 11. Nxd5 Qxd5 12. Bxc6 Qxc6 13. h3 Be6 14. Be3 Qd5 15. b3 c6 16. Qc2 Bb8 17. Ng5 Bf5 18. Qd2 h6 19. Nf3 Re8 20. Qd1 Bd6 21. Nd2 Re6 22. Qf3 Rg6 23. Qxd5 cxd5 24. Kh1 Re8 25. a3 Rge6 26. b4 g5 27. Kg1 Rg6 28. Rfc1 Bd7 29. Re1 f5 30. Nf3 f4 31. Bd2 Rge6 32. Rxe6 Rxe6 1/2-1/2